<?xml version="1.0" encoding="UTF-8"?>
<record
    xmlns:xsi="http://www.w3.org/2001/XMLSchema-instance"
    xsi:schemaLocation="http://www.loc.gov/MARC21/slim http://www.loc.gov/standards/marcxml/schema/MARC21slim.xsd"
    xmlns="http://www.loc.gov/MARC21/slim">

  <leader>00386nam a2200169   4500</leader>
  <controlfield tag="003">OSt</controlfield>
  <controlfield tag="008">240520b        |||||||| |||| 00| 0 eng d</controlfield>
  <datafield tag="020" ind1=" " ind2=" ">
    <subfield code="a">9789355730428</subfield>
  </datafield>
  <datafield tag="082" ind1=" " ind2=" ">
    <subfield code="a">006.33</subfield>
    <subfield code="b">KAA</subfield>
  </datafield>
  <datafield tag="100" ind1=" " ind2=" ">
    <subfield code="a">KAUSHIK,Saroj</subfield>
  </datafield>
  <datafield tag="245" ind1=" " ind2=" ">
    <subfield code="a">Artificial Intelligence</subfield>
  </datafield>
  <datafield tag="250" ind1=" " ind2=" ">
    <subfield code="a">2nd</subfield>
  </datafield>
  <datafield tag="260" ind1=" " ind2=" ">
    <subfield code="a">New Delhi</subfield>
    <subfield code="b">Cengage</subfield>
    <subfield code="c">2023</subfield>
  </datafield>
  <datafield tag="300" ind1=" " ind2=" ">
    <subfield code="a">Misc.</subfield>
  </datafield>
  <datafield tag="650" ind1=" " ind2=" ">
    <subfield code="a">B.Tech CSE</subfield>
  </datafield>
  <datafield tag="942" ind1=" " ind2=" ">
    <subfield code="2">ddc</subfield>
    <subfield code="c">BK</subfield>
  </datafield>
  <datafield tag="999" ind1=" " ind2=" ">
    <subfield code="c">12706</subfield>
    <subfield code="d">12706</subfield>
  </datafield>
  <datafield tag="952" ind1=" " ind2=" ">
    <subfield code="0">0</subfield>
    <subfield code="1">0</subfield>
    <subfield code="2">ddc</subfield>
    <subfield code="4">0</subfield>
    <subfield code="7">0</subfield>
    <subfield code="8">BTECHCSE</subfield>
    <subfield code="a">PIET</subfield>
    <subfield code="b">PIET</subfield>
    <subfield code="d">2024-05-06</subfield>
    <subfield code="e">Zafaa Books and Distributors</subfield>
    <subfield code="f">In rupees</subfield>
    <subfield code="g">850.00</subfield>
    <subfield code="k">ZBD0023</subfield>
    <subfield code="l">0</subfield>
    <subfield code="o">006.33 KAA</subfield>
    <subfield code="p">37633</subfield>
    <subfield code="r">2024-05-20 00:00:00</subfield>
    <subfield code="v">612.00</subfield>
    <subfield code="w">2024-05-06</subfield>
    <subfield code="y">BK</subfield>
  </datafield>
  <datafield tag="952" ind1=" " ind2=" ">
    <subfield code="0">0</subfield>
    <subfield code="1">0</subfield>
    <subfield code="2">ddc</subfield>
    <subfield code="4">0</subfield>
    <subfield code="7">0</subfield>
    <subfield code="8">BTECHCSE</subfield>
    <subfield code="a">PIET</subfield>
    <subfield code="b">PIET</subfield>
    <subfield code="d">2024-05-06</subfield>
    <subfield code="e">Zafaa Books and Distributors</subfield>
    <subfield code="f">In rupees</subfield>
    <subfield code="g">850.00</subfield>
    <subfield code="k">ZBD0023</subfield>
    <subfield code="l">4</subfield>
    <subfield code="o">006.33 KAA</subfield>
    <subfield code="p">37634</subfield>
    <subfield code="r">2025-03-31 00:00:00</subfield>
    <subfield code="s">2025-03-21</subfield>
    <subfield code="v">612.00</subfield>
    <subfield code="w">2024-05-06</subfield>
    <subfield code="y">BK</subfield>
  </datafield>
  <datafield tag="952" ind1=" " ind2=" ">
    <subfield code="0">0</subfield>
    <subfield code="1">0</subfield>
    <subfield code="2">ddc</subfield>
    <subfield code="4">0</subfield>
    <subfield code="7">0</subfield>
    <subfield code="8">BTECHCSE</subfield>
    <subfield code="a">PIET</subfield>
    <subfield code="b">PIET</subfield>
    <subfield code="d">2024-05-06</subfield>
    <subfield code="e">Zafaa Books and Distributors</subfield>
    <subfield code="f">In rupees</subfield>
    <subfield code="g">850.00</subfield>
    <subfield code="k">ZBD0023</subfield>
    <subfield code="l">2</subfield>
    <subfield code="o">006.33 KAA</subfield>
    <subfield code="p">37635</subfield>
    <subfield code="r">2025-04-07 00:00:00</subfield>
    <subfield code="s">2025-03-21</subfield>
    <subfield code="v">612.00</subfield>
    <subfield code="w">2024-05-06</subfield>
    <subfield code="y">BK</subfield>
  </datafield>
  <datafield tag="952" ind1=" " ind2=" ">
    <subfield code="0">0</subfield>
    <subfield code="1">0</subfield>
    <subfield code="2">ddc</subfield>
    <subfield code="4">0</subfield>
    <subfield code="7">0</subfield>
    <subfield code="8">BTECHCSE</subfield>
    <subfield code="a">PIET</subfield>
    <subfield code="b">PIET</subfield>
    <subfield code="d">2024-05-06</subfield>
    <subfield code="e">Zafaa Books and Distributors</subfield>
    <subfield code="f">In rupees</subfield>
    <subfield code="g">850.00</subfield>
    <subfield code="k">ZBD0023</subfield>
    <subfield code="l">2</subfield>
    <subfield code="o">006.33 KAA</subfield>
    <subfield code="p">37636</subfield>
    <subfield code="q">2025-12-01</subfield>
    <subfield code="r">2025-05-15 00:00:00</subfield>
    <subfield code="s">2025-05-15</subfield>
    <subfield code="v">612.00</subfield>
    <subfield code="w">2024-05-06</subfield>
    <subfield code="y">BK</subfield>
  </datafield>
  <datafield tag="952" ind1=" " ind2=" ">
    <subfield code="0">0</subfield>
    <subfield code="1">0</subfield>
    <subfield code="2">ddc</subfield>
    <subfield code="4">0</subfield>
    <subfield code="7">0</subfield>
    <subfield code="8">BTECHCSE</subfield>
    <subfield code="a">PIET</subfield>
    <subfield code="b">PIET</subfield>
    <subfield code="d">2024-05-06</subfield>
    <subfield code="e">Zafaa Books and Distributors</subfield>
    <subfield code="f">In rupees</subfield>
    <subfield code="g">850.00</subfield>
    <subfield code="k">ZBD0023</subfield>
    <subfield code="l">1</subfield>
    <subfield code="o">006.33 KAA</subfield>
    <subfield code="p">37637</subfield>
    <subfield code="r">2024-10-17 00:00:00</subfield>
    <subfield code="s">2024-09-11</subfield>
    <subfield code="v">612.00</subfield>
    <subfield code="w">2024-05-06</subfield>
    <subfield code="y">BK</subfield>
  </datafield>
  <datafield tag="952" ind1=" " ind2=" ">
    <subfield code="0">0</subfield>
    <subfield code="1">0</subfield>
    <subfield code="2">ddc</subfield>
    <subfield code="4">0</subfield>
    <subfield code="7">0</subfield>
    <subfield code="8">BTECHCSE</subfield>
    <subfield code="a">PIET</subfield>
    <subfield code="b">PIET</subfield>
    <subfield code="d">2024-05-06</subfield>
    <subfield code="e">Zafaa Books and Distributors</subfield>
    <subfield code="f">In rupees</subfield>
    <subfield code="g">850.00</subfield>
    <subfield code="k">ZBD0023</subfield>
    <subfield code="l">0</subfield>
    <subfield code="o">006.33 KAA</subfield>
    <subfield code="p">37638</subfield>
    <subfield code="r">2024-05-20 00:00:00</subfield>
    <subfield code="v">612.00</subfield>
    <subfield code="w">2024-05-06</subfield>
    <subfield code="y">BK</subfield>
  </datafield>
  <datafield tag="952" ind1=" " ind2=" ">
    <subfield code="0">0</subfield>
    <subfield code="1">0</subfield>
    <subfield code="2">ddc</subfield>
    <subfield code="4">0</subfield>
    <subfield code="7">0</subfield>
    <subfield code="8">BTECHCSE</subfield>
    <subfield code="a">PIET</subfield>
    <subfield code="b">PIET</subfield>
    <subfield code="d">2024-05-06</subfield>
    <subfield code="e">Zafaa Books and Distributors</subfield>
    <subfield code="f">In rupees</subfield>
    <subfield code="g">850.00</subfield>
    <subfield code="k">ZBD0023</subfield>
    <subfield code="l">3</subfield>
    <subfield code="o">006.33 KAA</subfield>
    <subfield code="p">37639</subfield>
    <subfield code="r">2024-12-16 00:00:00</subfield>
    <subfield code="s">2024-12-03</subfield>
    <subfield code="v">612.00</subfield>
    <subfield code="w">2024-05-06</subfield>
    <subfield code="y">BK</subfield>
  </datafield>
  <datafield tag="952" ind1=" " ind2=" ">
    <subfield code="0">0</subfield>
    <subfield code="1">0</subfield>
    <subfield code="2">ddc</subfield>
    <subfield code="4">0</subfield>
    <subfield code="7">0</subfield>
    <subfield code="8">BTECHCSE</subfield>
    <subfield code="a">PIET</subfield>
    <subfield code="b">PIET</subfield>
    <subfield code="d">2024-05-06</subfield>
    <subfield code="e">Zafaa Books and Distributors</subfield>
    <subfield code="f">In rupees</subfield>
    <subfield code="g">850.00</subfield>
    <subfield code="k">ZBD0023</subfield>
    <subfield code="l">0</subfield>
    <subfield code="o">006.33 KAA</subfield>
    <subfield code="p">37640</subfield>
    <subfield code="r">2024-05-20 00:00:00</subfield>
    <subfield code="v">612.00</subfield>
    <subfield code="w">2024-05-06</subfield>
    <subfield code="y">BK</subfield>
  </datafield>
  <datafield tag="952" ind1=" " ind2=" ">
    <subfield code="0">0</subfield>
    <subfield code="1">0</subfield>
    <subfield code="2">ddc</subfield>
    <subfield code="4">0</subfield>
    <subfield code="7">0</subfield>
    <subfield code="8">BTECHCSE</subfield>
    <subfield code="a">PIET</subfield>
    <subfield code="b">PIET</subfield>
    <subfield code="d">2024-05-06</subfield>
    <subfield code="e">Zafaa Books and Distributors</subfield>
    <subfield code="f">In rupees</subfield>
    <subfield code="g">850.00</subfield>
    <subfield code="k">ZBD0023</subfield>
    <subfield code="l">0</subfield>
    <subfield code="o">006.33 KAA</subfield>
    <subfield code="p">37641</subfield>
    <subfield code="r">2024-05-20 00:00:00</subfield>
    <subfield code="v">612.00</subfield>
    <subfield code="w">2024-05-06</subfield>
    <subfield code="y">BK</subfield>
  </datafield>
  <datafield tag="952" ind1=" " ind2=" ">
    <subfield code="0">0</subfield>
    <subfield code="1">0</subfield>
    <subfield code="2">ddc</subfield>
    <subfield code="4">0</subfield>
    <subfield code="7">0</subfield>
    <subfield code="8">BTECHCSE</subfield>
    <subfield code="a">PIET</subfield>
    <subfield code="b">PIET</subfield>
    <subfield code="d">2024-05-06</subfield>
    <subfield code="e">Zafaa Books and Distributors</subfield>
    <subfield code="f">In rupees</subfield>
    <subfield code="g">850.00</subfield>
    <subfield code="k">ZBD0023</subfield>
    <subfield code="l">0</subfield>
    <subfield code="o">006.33 KAA</subfield>
    <subfield code="p">37632</subfield>
    <subfield code="r">2024-05-22 00:00:00</subfield>
    <subfield code="v">612.00</subfield>
    <subfield code="w">2024-05-06</subfield>
    <subfield code="y">REF</subfield>
  </datafield>
</record>
